La dorada (Record no. 148767)

MARC details
000 -LEADER
campo de control de longitud fija 00577nam a2200193 4500
001 - NÚMERO DE CONTROL
campo de control 148767
003 - IDENTIFICADOR DE NÚMERO DE CONTROL
campo de control ES-MaACL
005 - FECHA Y HORA DE LA ÚLTIMA TRANSACCIÓN
campo de control 20230906202809.0
007 - CAMPO FIJO DE DESCRIPCIÓN FÍSICA--INFORMACIÓN GENERAL
campo de control de longitud fija t|
008 - DATOS DE LONGITUD FIJA--INFORMACIÓN GENERAL
campo de control de longitud fija 070214s1959 sp r ||||1| spa d
100 1# - ENTRADA PRINCIPAL--NOMBRE DE PERSONA
Nombre de persona Suay, Francisco.
9 (RLIN) 108677
245 13 - MENCIÓN DEL TÍTULO
Título La dorada
Resto del título : sus costumbres y su pesca /
Mención de responsabilidad, etc. Francisco Suay (El pescador auténtico) [seud.].
260 ## - PUBLICACIÓN, DISTRIBUCIÓN, ETC.
Lugar de publicación, distribución, etc. Barcelona :
Nombre del editor, distribuidor, etc. Edit. Hispano Europea,
Fecha de publicación, distribución, etc. 1959.
300 ## - DESCRIPCIÓN FÍSICA
Extensión 108 p. ;
Dimensiones 17 cm.
490 1# - MENCIÓN DE SERIE
Mención de serie Col. herakles
830 0# - PUNTO DE ACCESO ADICIONAL DE SERIE-TÍTULO UNIFORME
Título uniforme Col. herakles
9 (RLIN) 187500
852 ## - LOCALIZACIÓN
Ubicación ES-MaACL
Número de control de estantería C-17362
Sublocalización o colección R.45393
Holdings
Estatus retirado Estado de pérdida Estado de daño No para préstamo Biblioteca de origen Biblioteca actual Ubicación en estantería Fecha de adquisición Fuente de adquisición Total de préstamos Signatura topográfica completa Código de barras Visto por última vez Precio de reemplazo Tipo de ítem Koha
        Biblioteca del Ateneo de Madrid Biblioteca del Ateneo de Madrid Galería 17/01/2008     C-17362 1155249 23/02/2023 23/02/2023 Libro impreso